| 000 | 01035nam a22003257a 4500 | ||
|---|---|---|---|
| 001 | 0006763 | ||
| 003 | KOHA_MİRAKIL | ||
| 005 | 20260207001533.0 | ||
| 007 | ta | ||
| 008 | 090806b2003 tu |||gr||||#||||0|tur | | ||
| 020 | _a975661160X | ||
| 040 |
_aTR-BiSEU _btur _cTR-BiSEU _erda |
||
| 041 | 0 | _atur | |
| 044 | _ctu | ||
| 050 |
_aML345.T8 _bT36 2003 |
||
| 100 | 1 | _aTanrıkorur, Cinuçen. | |
| 245 | 1 |
_aOsmanlı dönemi Türk musikisi/ _cCinuçen Tanrıkorur ; Cinuçen Tanrıkorur; editör İsmail Kara, Başak İlhan...[ve bşk.]. |
|
| 264 | 1 |
_aİstanbul : _bDergah Yayınları _c2003 |
|
| 300 | _a211 sayfa: resimli; 25 cm. | ||
| 336 |
_ametin _btxt _2rdacontent |
||
| 337 |
_aaracısız _bn _2rdamedia |
||
| 338 |
_acilt _bnc _2rdacarrier |
||
| 490 | 1 |
_aDergah yayınları ; _v270. |
|
| 490 | 1 |
_aMüzik serisi ; _v1. |
|
| 500 | _aKaynakça var. | ||
| 650 | 0 |
_aMüzik--Türkiye--Tarih ve Eleştiri. _916690 |
|
| 830 | 1 |
_aDergah yayınları ; _v270. _915870 |
|
| 830 | 1 |
_aMüzik serisi ; _v1. _916691 |
|
| 942 |
_2lcc _cBK |
||
| 999 |
_c6744 _d6744 |
||